[Event "ITA-ch U20"]
[Site "Tarvisio"]
[Date "2023.07.06"]
[Round "6"]
[White "Despeyroux, David"]
[Black "Petrescu, Cristian C"]
[Result "1-0"]
[WhiteElo "1269"]
[BlackElo "2041"]
[PlyCount "63"]
[EventDate "2023.07.02"]
[EventType "swiss"]
[EventRounds "9"]
[EventCountry "ITA"]
[SourceTitle "EXT 2024"]
[Source "ChessBase"]
[SourceDate "2023.10.10"]
[SourceVersion "1"]
[SourceVersionDate "2023.10.10"]
[SourceQuality "1"]

1. e4 e5 2. Nf3 Nc6 3. Bc4 Be7 4. 0-0 Nf6 5. d3 0-0 6. c3 h6 7. Nbd2 d6 8. Re1 Na5 9. Bb3 Nxb3 10. Qxb3 b6 11. Nf1 Ba6 12. d4 exd4 13. cxd4 c5 14. e5 dxe5 15. dxe5 Nd7 16. e6 Nf6 17. Ng3 Bb7 18. exf7+ Rxf7 19. Ne5 Bd5 20. Qe3 Rf8 21. Ng6 Re8 22. Nxe7+ Kf7 23. Ngf5 Ng8 24. Qe5 Nf6 25. Bxh6 gxh6 26. Nxh6+ Kg7 27. Qg5+ Kh7 28. Qg6+ Kh8 29. Nf7+ Bxf7 30. Qxf6+ Kh7 31. Qxf7+ Kh8 32. Ng6# 1-0